Statistics for Secret Bordering Country Puzzle #4

Click here to take the quiz!

General Stats

  • This quiz has been taken 503 times
    (468 since last reset)
  • The average score is 23 of 27

Answer Stats

Common BorderCountry% Correct
PolandRussia
97%
POLANDPOLAND
94%
PolandGermany
92%
PolandUkraine
92%
BoliviaBrazil
91%
BOLIVIABOLIVIA
90%
BoliviaArgentina
88%
PolandLithuania
88%
BoliviaParaguay
88%
BoliviaPeru
88%
PolandBelarus
87%
BoliviaChile
87%
PolandCzech Republic
87%
RwandaDR Congo
86%
PolandSlovakia
86%
RWANDARWANDA
81%
SAUDI ARABIASAUDI ARABIA
80%
RwandaUganda
80%
Saudi ArabiaYemen
79%
Saudi ArabiaIraq
78%
Saudi ArabiaOman
78%
RwandaTanzania
78%
Saudi ArabiaUnited Arab Emirates
77%
RwandaBurundi
76%
Saudi ArabiaQatar
76%
Saudi ArabiaJordan
75%
Saudi ArabiaKuwait
75%

Score Distribution

Percentile by Number Answered

Percent of People with Each Score

Your Score History

You have not taken this quiz since the last reset